000 00641nam a2200229 i 4500
001 36285
003 ES-MaACL
005 20230906155335.0
007 t|
008 030217s1986 sp ||||1| spa d
020 _a84-309-1199-5
100 1 _aBroseta Pont, Manuel.
_931932
245 1 0 _aManual de derecho mercantil /
_cManuel Broseta Pont.
250 _a6ª ed.
260 _aMadrid :
_bTecnos,
_c1986.
300 _a803 p. ;
_c24 cm.
490 1 _aBiblioteca universitaria
504 _aBibliografía. Indice.
830 0 _aBiblioteca universitaria
_9177461
852 _aES-MaACL
_jL-11802
_bR.114059
999 _c36285
_d36285